000 010120000a22001930004500
041 0 _aSPA
082 0 4 _aG 170.1 S5861g
100 1 _aSilva Silva, Darío
245 1 0 _aLa gran solución. Matrimonio - Divorcio - Nuevas nupcias / Darío Silva-Silva, Danial Ardila, Jorge Bunch
260 _aBogotá, Colombia : Actualidades Casa Roca
300 _a64 Pag.
505 0 0 _aun regreso a la biblia -- introducción -- ¿qué es el matrimonio... -- el divorcio según Jesús -- el divorcio según Pablo -- los protestantes y el divorcio -- el drama de los nuevos creyentes -- veinte siglos después -- el divorcio en la historia -- la iglesia primitiva -- el divorcio en la iglesia oriental -- el divorcio en la iglesia occidental -- conclusión -- aspectos jurídicos del divorcio -- el divorcio y la constitución -- la ley reglamentaria
650 1 4 _aDIVORCIO
001 1207
942 _cBK
999 _c32531
_d32531
336 _atexto
_btxt
_2rdacontent
337 _2rdamedia
_asin mediación
_bn
338 _2rdacarrier
_avolumen
_bnc